Documento-resumen del Informe-propuesta sobre la ciudadanía europea : [participación. Derechos sociales y Derechos Cívicos] / Jordi Borja [participación. Derechos sociales y Derechos Cívicos] / Jordi Borja
ISBN:
1138-4514
Descripción Física:
32 p. ; 30 cm
Colección:
Papers de la fundació ; 115
MARC
| LEADER | 00000nam a2200000Ia 4500 | ||
|---|---|---|---|
| 001 | 19090 | ||
| 008 | 160829s1999 xx 000 0 cat d | ||
| 020 | |a 1138-4514 | ||
| 080 | |a FU-44-29 | ||
| 100 | |a Borja, Jordi |9 36023 | ||
| 245 | |a Documento-resumen del Informe-propuesta sobre la ciudadanía europea : |b [participación. Derechos sociales y Derechos Cívicos] / Jordi Borja | ||
| 260 | |a Barcelona : |b Fundació Rafael Campalans, |c 1999 | ||
| 300 | |a 32 p. ; |c 30 cm | ||
| 490 | |a Papers de la fundació ; 115 | ||
| 590 | |a Bibliografia | ||
| 650 | 0 | |a Nacionalitat |z Catalunya |9 18924 | |
| 650 | |a Ciutadania |x Catalunya |9 44845 | ||
| 710 | |a Fundació Rafael Campalans |9 52024 | ||
| 901 | |a Arxiu | ||
| 942 | |n 1 | ||
| 952 | |0 0 |1 0 |4 0 |6 FU4429 |7 1 |9 52207 |a Arxiu |b Arxiu |d 2016-12-01 |l 0 |o FU-44-29 |p 19090 |r 2016-12-01 00:00:00 |w 2016-12-01 |y ARXIU | ||
| 999 | |c 56055 |d 56055 | ||